A balladás festő

Elmentve itt :
Bibliográfiai részletek
Szerző: Tandi Lajos
Dokumentumtípus: Cikk
Megjelent: 1980-06-18
Sorozat:Délmagyarország 70 No. 141
Kulcsszavak:Diószegi Balázs
Online Access:http://dmarchiv.bibl.u-szeged.hu/93291
LEADER 00435nab a2200157 i 4500
001 delm93291
005 20190531121106.0
008 190531s1980 hu o 0|| hun d
040 |a SZTE Délmagyarország Archívum  |b hun 
041 |a hun 
100 1 |a Tandi Lajos 
245 1 2 |a A balladás festő  |h [elektronikus dokumentum] /  |c  Tandi Lajos 
260 |c 1980-06-18 
300 |a 5 
490 0 |a Délmagyarország  |v 70 No. 141 
695 |a Diószegi Balázs